Resum d'estadística / per Josep Ma. Cardona
Descripción Física:
90 p. ; 16 cm
Colección:
Col·lecció popular Barcino ; 111
Materias:
Estadística
MARC
| LEADER | 00000nam a2200000Ia 4500 | ||
|---|---|---|---|
| 001 | 11965 | ||
| 008 | 160829s1935 xx 000 0 cat d | ||
| 080 | |a M-3-341 | ||
| 100 | |a Cardona, Josep Ma. |9 46654 | ||
| 245 | |a Resum d'estadística / per Josep Ma. Cardona | ||
| 260 | |a Barcelona : |b Barcino, |c 1935 | ||
| 300 | |a 90 p. ; |c 16 cm | ||
| 490 | |a Col·lecció popular Barcino ; 111 | ||
| 590 | |a Prové de núm. 4256, exp. Cap del laboratori d'estadística... | ||
| 650 | |a Estadística |9 34413 | ||
| 901 | |a Arxiu | ||
| 942 | |n 1 | ||
| 952 | |0 0 |1 0 |4 0 |6 M3341 |7 1 |9 53355 |a Arxiu |b Arxiu |d 2016-12-01 |l 0 |o M-3-341 |p 11965 |r 2016-12-01 00:00:00 |w 2016-12-01 |y ARXIU | ||
| 999 | |c 57220 |d 57220 | ||